000 00538nam a2200193Ia 4500
003 OSt
005 20221007082713.0
006 a|||||r|||| 00| 0
007 ta
008 221006b |||||||| |||| 00| 0 eng d
024 _a23,517
037 _cDissertations
040 _aFLL
_cFLL
_beng
041 _2eng
_aeng
100 _aVarshney Neeraj
_9537302
245 0 _aPower of the prresident under article 356 with special reference to sarkaria commission.
942 _cDIS
_2CC
999 _c1167447
_d1167447